书目信息 |
| 题名: |
画坛巨匠
|
|
| 作者: | 德加 绘 ;荆成义 编著 | |
| 分册: | 德加素描 | |
| 出版信息: | 沈阳 辽宁美术出版社 2013.01 |
|
| 页数: | 151页 | |
| 开本: | 27×27cm | |
| 丛书名: | ||
| 单 册: | ||
| 中图分类: | J231 , J234(565) | |
| 科图分类: | ||
| 主题词: | 绘画--作品集--世界 , 人物画--素描--作品集--法国--近代 , 绘画 , 人物画 , 素描 | |
| 电子资源: | ||
| ISBN: | 978-7-5314-5224-9 | |
| 000 | 01033nam0 2200325 450 | |
| 001 | 010000015422 | |
| 005 | 20140610111101.98 | |
| 010 | @a978-7-5314-5224-9@dCNY68.00 | |
| 100 | @a20130311d2013 em y0chiy50 ea | |
| 101 | 0 | @achi |
| 102 | @aCN@b210000 | |
| 105 | @aa z 000yy | |
| 106 | @ar | |
| 200 | 1 | @a画坛巨匠@9hua tan ju jiang@dPainting masters@i德加素描@f荆成义编著@zeng |
| 210 | @a沈阳@c辽宁美术出版社@d2013.01 | |
| 215 | @a151页@d27×27cm | |
| 330 | @a本书主要内容包括:女孩头像、习作、脚的习作、男子肖像、德加、自画像、古希腊雕刻、男子肖像、男孩头像、自画像、少年男人体等。 | |
| 333 | @a素描爱好者 | |
| 510 | 1 | @aPainting masters@zeng |
| 606 | 0 | @a绘画@x作品集@y世界 |
| 606 | 0 | @a人物画@x素描@x作品集@y法国@z近代 |
| 606 | 0 | @a绘画 |
| 606 | 0 | @a人物画 |
| 606 | 0 | @a素描 |
| 690 | @aJ231@v5 | |
| 690 | @aJ234(565)@v5 | |
| 701 | 0 | @c(法)@a德加@9de jia@c(Degas, Edger@f1834-1917)@4绘 |
| 702 | 0 | @a荆成义@9jing cheng yi@4编著 |
| 801 | 0 | @aCN@b人天书店@c20121031 |
| 905 | @b846677-79@dJ231@e93@f3 | |
| 画坛巨匠=Painting masters.德加素描/荆成义编著.-沈阳:辽宁美术出版社,2013.01 |
| 151页;27×27cm |
| 使用对象:素描爱好者 |
| ISBN 978-7-5314-5224-9:CNY68.00 |
| 本书主要内容包括:女孩头像、习作、脚的习作、男子肖像、德加、自画像、古希腊雕刻、男子肖像、男孩头像、自画像、少年男人体等。 |
| ● |
| 相关链接 |
|
|
|
|
正题名:画坛巨匠
索取号:J231/93
 
预约/预借
| 序号 | 登录号 | 条形码 | 馆藏地/架位号 | 状态 | 备注 |
| 1 | 846677 | 208466774 | 第一样本阅览室/ [索取号:J231/93] | 在馆 | |
| 2 | 846678 | 208466783 | 第一借阅区/ [索取号:J231/93] | 在馆 | |
| 3 | 846679 | 208466792 | 密集书库-美术系/ [索取号:J231/93] | 在馆 |